Ankara'nın İlçeleri - Statistics

General Stats
  • This quiz has been taken 124 times
  • The average score is 16 of 25
Answers on the Map
Answers color-coded by a green-red scale on the quiz's map according to % correct below.
 
Answer Stats
Answer % Correct
Çankaya
97%
Keçiören
90%
Etimesgut
81%
Mamak
79%
Polatlı
79%
Sincan
75%
Yenimahalle
71%
Altındağ
67%
Beypazarı
67%
Gölbaşı
65%
Kızılcahamam
65%
Haymana
63%
Bala
59%
Çubuk
59%
Şereflikoçhisar
57%
Ayaş
56%
Evren
56%
Nallıhan
56%
Kahramankazan
54%
Elmadağ
52%
Pursaklar
52%
Güdül
43%
Akyurt
41%
Çamlıdere
41%
Kalecik
33%
No matching quizzes found
Score Distribution
Percent of People with Each Score
Percentile by Number Answered
Your Score History
You have not taken this quiz